00464nam a22001577a 4500020001800000040000900018082001500027100002700042110002900069245001500098260003500113650002300148942001200171999001900183952010400202 a9780241242278 cnust a745.5bPES aPester, Sophie9122894 aBruns, Catharina9122895 aSupercraft aLondon:bDk Publishers,c2016. aSupercraft9122896 2ddccBK c609283d609283 00102ddc4070aCEMEbCEMEcGENd2024-05-23l0o745.5 PESpCEME- 50455r2024-05-23w2024-05-23yBK